Größte Parfümexporteure der Welt - Statistiken

Allgemein
  • Dieses Quiz wurde 151 mal gespielt
  • Das Durchschnittsergebnis liegt bei 7 aus 10
Antwortstatistiken
Exporte (in Mio. €) Land Weltmarktanteil % Korrekt
4.500 Frankreich 26,2%
98%
1.700 Deutschland 9,9%
96%
1.100 Italien 6,4%
96%
1.500 USA 8,7%
96%
1.800 Spanien 10,5%
86%
600 Großbritannien 3,5%
56%
500 Polen 2,9%
51%
500 Niederlande 2,9%
49%
1.000 Vereinigte Arabische Emirate 5,8%
28%
900 Singapur 5,2%
9%
Keine übereinstimmenden Quizze gefunden
Verteilung der Resultate
Anzahl Personen mit jedem Resultat
Perzentil nach korrekt beantworteten Fragen
Ihre Resultats-Entwicklung
Sie haben dieses Quiz noch nicht gespielt